Σύγχρονες τάσεις στην ιστορία της εκπαίδευσης : η οπτική των McCulloch, Rousmaniere και Depaepe : διπλωματική εργασία [πτυχιακή εργασία]

Αποθηκεύτηκε σε:
Λεπτομέρειες βιβλιογραφικής εγγραφής
Κύριος συγγραφέας: Χαρτοφύλακα, Ειρήνη
Συγγραφή απο Οργανισμό/Αρχή: Πανεπιστήμιο Αιγαίου. Σχολή Ανθρωπιστικών Επιστημών. Παιδαγωγικό Τμήμα Δημοτικής Εκπαίδευσης
Μορφή: Thesis Βιβλίο
Γλώσσα:Greek
Δημοσίευση: 2014
Θέματα:
Διαθέσιμο Online:http://hdl.handle.net/11610/6009
Ετικέτες: Προσθήκη ετικέτας
Δεν υπάρχουν, Καταχωρήστε ετικέτα πρώτοι!

MARC

LEADER 00000cam a2200000 i 4500
001 1/55273
008 140909s2014 gr | ||| |||| ||gre||
035 |l 10118980 
040 |a GR-MY-UA  |b gre  |e aacr 
041 0 |a gre 
082 0 |a 370.9  |2 (22) 
100 1 |a Χαρτοφύλακα, Ειρήνη. 
245 1 0 |a Σύγχρονες τάσεις στην ιστορία της εκπαίδευσης :  |b η οπτική των McCulloch, Rousmaniere και Depaepe : διπλωματική εργασία [πτυχιακή εργασία] /  |c Χαρτοφύλακα Ειρήνη ; επιβλέπων: Κυμουρτζής Παναγιώτης 
260 |c 2014 
300 |a 82 σ.;  |b φωτ.;  |c 30 εκ. 
500 |a Μέλη εξεταστικής επιτροπής: Κόκκινος Γεώργιος, Καραμούζης Πολύκαρπος 
502 # # |a Πτυχιακή εργασία – Πανεπιστήμιο Αιγαίου, Ρόδος, 2014. 
504 |a Βιβλιογραφία: σ. 79-82 
600 1 0 |a Rousmaniere Kate. 
600 1 0 |a Depaepe Marc. 
600 1 0 |a McCulloch, Gary F. 
650 0 0 |a Education  |x History. 
650 0 0 |a Education  |x History  |x Study and teaching. 
650 0 0 |a Education  |x Research. 
650 0 0 |a Dissertations, Academic  |z Greece. 
700 1 |a Κιμουρτζής, Παναγιώτης Γ.  |e dgs 
710 2 |a Πανεπιστήμιο Αιγαίου.   |b Σχολή Ανθρωπιστικών Επιστημών.   |b Παιδαγωγικό Τμήμα Δημοτικής Εκπαίδευσης. 
852 |a INST  |b RHODES  |c DIATR  |e 20140909  |h 370.9 ΧΑΡ  |p 005400036708  |q 005400036708  |t DIE  |y 23 
852 |a INST  |b RHODES  |c DIATR  |e 20140909  |h 370.9 ΧΑΡ  |p 005400036709  |q 005400036709  |t DIE  |y 23 
856 |u http://hdl.handle.net/11610/6009 
901 |a BIBL4-2012-3 
909 |a Ρ  |b 183210 
909 |a Ρ  |b 183211 
924 |a ΧΑΡΤΟΦΥΛΑΚΑ  |b ΕΙΡΗΝΗ  |y Ρόδος  |z 2014-06 
970 |z 2014/09/09